Nación y nacionalidad en la formación del estado costarricense (apuntes para una discusión)

Guardat en:
Dades bibliogràfiques
Autor principal: Vega Carballo, José Luis
Format: Text
Publicat: San Pedro de M. de O.: UCR. IIS
Etiquetes: Afegir etiqueta
Sense etiquetes, Sigues el primer a etiquetar aquest registre!

MARC

LEADER 00000 a a2200000 04500
001 15039
003
040 |a CRAI/IIS  |c CRAI/IIS 
090 |a 023800  
100 |a Vega Carballo, José Luis  
245 |a Nación y nacionalidad en la formación del estado costarricense (apuntes para una discusión)  
260 |a San Pedro de M. de O.:   |b UCR. IIS  
300 |a 69 p.  
999 |c 17472  |d 17472